000 00538nam a2200205Ia 4500
005 20250923144622.0
008 008 250917s9999 xx 000 0 eng d
037 _aTextual
040 _aDSWL
_beng
_cDSWL
041 _aeng
_2eng
084 _qDSWL
100 _aBarnard, C.I.
_9826694
245 0 _aFunctions of the executive
_cby C.I. Barnard
260 _bMasachusetts Harvard University Press
_c1956
300 _axvi,334p.
365 _aUSD
_b5
925 _g5
942 _cTEXL
999 _c1441240
_d1441240